Arles en images - Statistiques

Statistiques générales
  • Ce quiz a été pris 41 fois
  • Le résultat moyen est 9 sur 16
Statistiques - réponses
Par images Hint Réponse % Correct
Monument Les arènes
100%
Fleuve Le Rhône
97%
Artiste qui séjourna en Arles Vincent Van Gogh
97%
Région naturelle La Camargue
91%
Spécialité culinaire Le saucisson d'Arles
88%
Ville voisine "tartarine" Tarascon
82%
Abbaye L'Abbaye Saint-Pierre de Montmajour
70%
Maison d'édition Actes sud
64%
Auteur associé à la ville Alphonse Daudet
55%
Spécialité culinaire La gardiane de taureau
45%
Basilique La basilique primatiale Saint-Trophime
36%
Peuple à qui la stèle est dédiée Les Arméniens
33%
Race ovine Le mérinos d'Arles
30%
Association Le Félibrige
18%
Film Heureux qui comme Ulysse
15%
État féodal médiéval Le royaume d'Arles
12%
Aucun quiz correspondant
Distribution des résultats
% des personnes avec chaque résultat
Percentile par nombre de réponses
Votre historique - résultats
Vous n’avez pas pris ce quiz